II Parte: Ciudades em declinio e simultánea centralidade das cidades: economía, sociedade e espaço. Economía y ciudad: algunas propuestas teóricas /
Guardado en:
| 主要作者: | |
|---|---|
| 格式: | Texto |
| 語言: | Spanish |
| 出版: |
Buenos Aires:
CLACSO. ASDI
2000
|
| 主題: | |
| 標簽: |
添加標簽
沒有標簽, 成為第一個標記此記錄!
|
MARC
| LEADER | 00000 a a2200000 04500 | ||
|---|---|---|---|
| 001 | 18263 | ||
| 003 | cru IIS | ||
| 005 | 20230228083939.0 | ||
| 008 | 230228b |||||||| |||| 00| 0 spa d | ||
| 040 | |c cru IIS |d cru IIS | ||
| 090 | |a 14.04.03 T693r | ||
| 100 | 1 | |a Cuervo González, Luis Mauricio |9 10946 | |
| 245 | |a II Parte: Ciudades em declinio e simultánea centralidade das cidades: economía, sociedade e espaço. Economía y ciudad: algunas propuestas teóricas / |c Luis Mauricio Cuervo González | ||
| 260 | |a Buenos Aires: |b CLACSO. ASDI |c 2000 | ||
| 300 | |a 61-76p | ||
| 500 | |a Disponible en Cd, en No. 194105 | ||
| 650 | 0 | |9 414 |a CIUDADANIA | |
| 650 | 0 | |9 617 |a CIUDADES | |
| 650 | 0 | |9 143 |a ECONOMIA | |
| 651 | 0 | |9 17 |a AMERICA LATINA | |
| 773 | 0 | |0 14315 |9 8279 |a Torres Ribeiro, Ana Clara |d Buenos Aires: CLACSO. ASDI 2000 |o 23204 |t Repensando la experiencia urbana de América Latina: cuestiones, conceptos y valores / |w (cru IIS)18260 | |
| 942 | |2 ddc |c LI | ||
| 999 | |c 14931 |d 14931 | ||
